The darbar of the Sikh Gurus: (Record no. 13122)

MARC details
000 -LEADER
fixed length control field 00841nam a22002177a 4500
005 - DATE AND TIME OF LATEST TRANSACTION
control field 2008060203433.0
008 - FIXED-LENGTH DATA ELEMENTS--GENERAL INFORMATION
fixed length control field 080602t xxu||||| |||| 00| 0 eng d
010 ## - LIBRARY OF CONGRESS CONTROL NUMBER
LC control number ENG-90250
020 ## - INTERNATIONAL STANDARD BOOK NUMBER
International Standard Book Number 0195694236
Terms of availability 695.00
035 ## - SYSTEM CONTROL NUMBER
System control number EN-73783
037 ## - SOURCE OF ACQUISITION
Source of stock number/acquisition DBAD / PUB
040 ## - CATALOGING SOURCE
Original cataloging agency DPL
Language of cataloging EN
082 ## - DEWEY DECIMAL CLASSIFICATION NUMBER
Classification number 954.07
100 ## - MAIN ENTRY--PERSONAL NAME
Personal name Fenech, Louis E.
245 ## - TITLE STATEMENT
Title The darbar of the Sikh Gurus:
Remainder of title the court of God in the world of men /
Statement of responsibility, etc by Louis E. Fenech
260 ## - PUBLICATION, DISTRIBUTION, ETC. (IMPRINT)
Place of publication, distribution, etc New Delhi
Name of publisher, distributor, etc Oxford University Press
Date of publication, distribution, etc 2008
300 ## - PHYSICAL DESCRIPTION
Extent xiii, 325p.:
Dimensions 22 cm (Hb)
Other physical details b&w photos
500 ## - GENERAL NOTE
General note Includes bibliographical references & index
942 ## - ADDED ENTRY ELEMENTS (KOHA)
Source of classification or shelving scheme Dewey Decimal Classification
Koha item type English Books
Classification part 954.07
Call number suffix FEN
Holdings
Withdrawn status Lost status Damaged status Not for loan Collection code Home library Current library Date acquired Source of acquisition Cost, normal purchase price Total Checkouts Full call number Barcode Date last seen Copy number Cost, replacement price Price effective from Koha item type
      Not For Loan Non-fiction D.B.Act.Division D.B.Act.Division 02/06/2008 DBAD / PUB 695.00   954.07 FEN EN-73783 15/09/2008 1 695.00 15/09/2008 English Books

© Delhi Public Library
Hit Counter
free hit counter